000 00635nam a22002057a 4500
003 LK-CoMWRAF
005 20240115003423.0
008 240114b2010 |||||||| |||| 00| 0 eng d
020 _a8174788190
040 _aLK-CoMWRAF
_dLK-CoMWRAF
_eLK-CoMWRAF
041 _atam
082 _a894.8113
_bSUB
100 _aசுப்ரமணியம், நீலா
_vSubramaniam, Neela
245 _aபீர்பாலின் சாமயோசிதம் கதைகள்
246 _aBirbalin samayochitha kathaigal
260 _aChennai:
_bSura,
_c2010
300 _aiii., 76p.
650 _aTAMIL SHORT STORIES
942 _cBK
999 _c4621
_d4621